000
00214nam a2200097Ia 4500
008
240331s9999 xx 000 0 und d
082
_b
MON
100
_a
Montgomery, L.M.
245
0
_a
Anne of green gables
942
_c
L
999
_c
5863
_d
5863